000 00594nam a2200217 a 4500
001 BRL_633
005 20190320210828.0
008 130913s1935----fr-a######---#000-0#fre-#
041 _afre
044 _afr
050 4 _aPQ1885
_b.R33 1935
100 1 _aRacine, Jean
_d1639-1699
_924481
245 1 0 _aLes Plaideurs
_bcomédie
_cRacine.
260 _aParís, Francia
_bLibrarie Hachette
_c1935
300 _a67 p.
_bil.
_c18 cm.
440 0 _aClassiques illustrés Vaubourdolle
_v67
_924482
500 _aAu664
650 1 4 _aTeatro francés
_ySiglo XVII
_924483
902 _aGRL
942 _2lcc
_cB
999 _c9445
_d9445